Una introducción a la formación en el trabajo: hacer visible lo invisible

Gespeichert in:
Bibliographische Detailangaben
Hauptverfasser: Gore, Ernesto (VerfasserIn), Vázquez Mazzini, Marisa (VerfasserIn)
Format: Buch
Sprache:Spanisch
Veröffentlicht: Buenos Aires Fondo de Cultura Económica de Argentina 2004
Ausgabe:1a. ed
Schriftenreihe:Diseño Café
Schlagworte:
Tags: Tag hinzufügen
Keine Tags, Fügen Sie den ersten Tag hinzu!

MARC

LEADER 00000nam a2200000 a 4500
001 UCK2284
003 CL-VaPUC
008 041229e20040000AG |||||||||||||||||spa|d
020 |a 9505576153 
082 0 4 |a 658.312404  |b GOR  |2 21 
100 0 |a Gore, Ernesto  |e author  |9 490106 
700 0 |a Vázquez Mazzini, Marisa  |e author  |9 490107 
245 1 4 |a Una introducción a la formación en el trabajo: hacer visible lo invisible 
250 |a 1a. ed 
300 |a 181 p 
942 |c BK 
945 |d 20041229 00:00:00  |a cmena 
260 |a Buenos Aires  |b Fondo de Cultura Económica de Argentina  |c 2004 
650 7 |a CAPACITACION LABORAL  |2 CL-VaPUC  |9 411356 
650 0 |a Administración del personal  |9 260442 
650 0 |a Métodos de enseñanza  |9 270413 
583 |a last modification  |c 20041229 00:00:00  |k Rodrigo Vera 
490 0 |a Diseño Café 
999 |c 311871  |d 311869 
952 |0 0  |1 0  |4 0  |6 658_312404000000000_GOR_2004  |7 0  |8 A  |9 381563  |a BIBGIM  |b BIBGIM  |d 2019-11-21  |i 4087119  |o 658.312404 GOR 2004  |p 4087119  |r 2025-01-15  |w 2019-11-21  |y BK  |k SSL